000 01533nam a2200313Ia 4500
005 20211221130117.0
007 vd cvaizk
008 211217s9999 xx 000 0 und d
024 _a841887045179
_q (videorecording)
040 _aCTMMSN
_beng
_erda
_cCTMMSN
092 _aDVD 331 Fut
245 0 _aFuture of Work {PG13}DVD
_h[videorecording].
264 _a[Place of publication not identified?]:
_bPBS Distribution LLC
_c12/13/2021
264 _aOld Saybrook, Connecticut :
_bwww.micromarketing.org
300 _a1 videodisc (approximately 165 minutes) :
_bsound, color;
_c4 3/4 in.
336 _atwo-dimensional moving image
337 _avideo
338 _avideodisc
500 _a[Typographic symbols and accents removed for systems compatibility.]
500 _aWidescreen edition.
520 _aThis there-part series explores monumental changes in the workplace and the long-term impact on workers, employers, educators and communities. Employment is part of the American Dream. Will the future provide opportunities for jobs that sustain families and the nation? High School (9-12) Broadcast Date 8/31/2021 PBS; 841887045179; 1 Disc(s); 165 min; Documentary; PG13; 12/13/21
521 _aRating: [N/A].
538 _aDVD, color, widescreen, NTSC.
650 _aDocumentaries
_2bisacsh
_95803517
655 _aVideo recordings.
_2lcgft
710 _aPBS Distribution LLC
_96434637
942 _2ddc
_cDVD
949 _nwww.MicroMarketing.org 800-229-9887
999 _c368629
_d368629